| 000 | 00000nam##2200000za#4500 |
| 001 | 9.699474 |
| 003 | CaOODSP |
| 005 | 20210625000410 |
| 007 | cr ||||||||||| |
| 008 | 150407|1982||||xxc|||||o f|0| 0 eng|d |
| 040 | |aCaOODSP|beng |
| 043 | |an-cn--- |
| 086 | 1 |aA73-1702/1980E-PDF |
| 110 | 1 |aCanada.|bAgriculture Canada. |bFood Advisory Division. |
| 245 | 10|aKitchen metrics |h[electronic resource] |
| 260 | |aOttawa - Ontario : |bAgriculture Canada. |c1980, reprinted 1982. |
| 300 | |a20p.|billus. |
| 500 | |aHistorical publication digitized by Agriculture and Agri-Food Canada. -- Includes recipes. |
| 590 | |a15-01-Supp|b2015-01-26 |
| 690 | 07|aCooking|2gcpds |
| 690 | 07|aHome economics|2gcpds |
| 775 | 08|tCuisine à la métrique |w(CaOODSP)9.643443 |
| 856 | 40|ahttp://publications.gc.ca|qPDF|s1.2 MB|uhttps://publications.gc.ca/collections/collection_2014/aac-aafc/agrhist/A73-1702-1980-eng.pdf |
| 986 | |a1702 |